000 00713nam a2200205Ia 4500
003 GCL
008 140319s9999 xx 000 0 ara d
040 _aGCL /
_cGCL
082 0 4 _a150
_bك ع
100 1 _aكمال دسوقى
245 1 0 _aعلم النفس ودراسة التوافق /
_cكمال دسوقى
260 _aبيروت :
_bدار النهضة العربية للطباعة والنشر ،
_c1974
300 _a420 ص ؛
_c24 سم
490 _aتكنولوجيا العلوم الاجتماعية
_v2
650 0 4 _aعلم النفس
650 0 4 _aالسلوك الاجتماعى
650 0 4 _aالتوافق الاجتماعى
650 0 4 _aالتوافق النفسى
942 _2ddc
_cBK
999 _c37608
_d37608